Statistics for riverdale charicters

Click here to take the quiz!

General Stats

  • This quiz has been taken 145 times
  • The average score is 19 of 27

Answer Stats

questionAnswer% Correct
the black hood hal
93%
the red headed musicianarchie
91%
the girl next doorbetty
91%
who killed jasonclifford
89%
villan buisness manhiram
87%
the girl with pink hairtoni
87%
the aboves dadfred
85%
the aboves sisterpolly
85%
the head of the vixenscheryl
84%
the aboves daughterjosie
81%
the weird kidjughead
81%
the captain of the football squadreggie
76%
the name of the band the pussycats
73%
the aboves daughterveronica
73%
the aboves dadfp jones
72%
the long lost brotherchic
71%
the aboves nananana rose
66%
the name of the gangserpents
66%
who was the aboves boyfriendmoose
65%
the name of the killerthe black hood
63%
the ex mayormayor mcoy
61%
who was murdered in the abovemidge
60%
the evil serpentpenny
59%
the ex serpentalice
52%
the name of the school musicalcarrie
52%
who got shot outside the sherrif stationfangs
38%
the new mayorhermionie
6%

Score Distribution

Percentile by Number Answered

Percent of People with Each Score

Your Score History

You have not taken this quiz